Las direcciones filosóficas de la cultura argentina
Kaydedildi:
| Yazar: | |
|---|---|
| Materyal Türü: | Kitap |
| Dil: | İspanyolca |
| Baskı/Yayın Bilgisi: |
Buenos Aires
Eudeba
1963
|
| Seri Bilgileri: | Biblioteca de América-Libros del Tiemo Nuevo
|
| Konular: | |
| Etiketler: |
Etiketle
Etiket eklenmemiş, İlk siz ekleyin!
|
MARC
| LEADER | 00000nam a2200000 a 4500 | ||
|---|---|---|---|
| 001 | UCP4386 | ||
| 003 | CL-VaPUC | ||
| 008 | 990724e19630000AG |||||||||||||||||spa|d | ||
| 082 | 0 | 4 | |a 306.0982 |b ING |2 21 |
| 100 | |a Ingenieros, José |e author |9 346541 | ||
| 245 | 1 | 4 | |a Las direcciones filosóficas de la cultura argentina |
| 300 | |a 97 p | ||
| 942 | |c BK | ||
| 945 | |d 19990724 00:00:00 |a crobeson | ||
| 260 | |a Buenos Aires |b Eudeba |c 1963 | ||
| 650 | 0 | |a Antropología cultural y social |9 265143 | |
| 650 | 7 | |a CULTURA ARGENTINA |2 CL-VaPUC |9 431829 | |
| 651 | 0 | |a Argentina |9 254888 | |
| 583 | |a last modification |c 19990724 00:00:00 |k Rodrigo Vera | ||
| 490 | 0 | |a Biblioteca de América-Libros del Tiemo Nuevo | |
| 999 | |c 282369 |d 282367 | ||
| 952 | |0 0 |1 0 |4 0 |6 306_098200000000000_ING_1963 |7 0 |8 A |9 324035 |a BIBHIS |b BIBHIS |d 2019-11-20 |i 1354388 |o 306.0982 ING 1963 |p 1354388 |r 2025-01-20 |w 2019-11-20 |y BK |k HIS | ||